Viac úcty medzi nami hovoríme s rusistkou Evou Kollárovou

Bibliographic Details
Main Authors: Farkašová, Etela, 1943- (Author, Interviewer), Kollárová, Eva, 1939-2025 (Author)
Format: Article
Language:Slovak
PhysicalDescription:Fotogr.
ISSN:0862-5999
Subjects:

MARC

LEADER 00000nab a2200000 a 4500
001 vtls010041366
003 SK-MaSNL
005 20260429044730.0
008 140422c2009 xo |||| | | 000 b|slo
015 |a SNBRB2010/01  |2 snkbucl 
038 |a SNKBUCL 
040 |a SNKBUCL  |b slo  |c SNKBUCL  |e AACR2 
041 0 |a slo 
044 |a xo  |c SK 
080 |a 81-051  |2 2001 
080 |a 811.161.1-051  |2 2001 
080 |a 82:929:821.161.1  |2 2001 
100 1 |a Farkašová, Etela,  |d 1943-  |4 aut  |4 ivr  |9 100186 
245 1 0 |a Viac úcty medzi nami  |b hovoríme s rusistkou Evou Kollárovou  |c [zhovára sa] Etela Farkašová 
300 |b Fotogr. 
600 1 7 |a Kollárová, Eva,  |d 1939-2025  |2 snkbucl  |9 243891 
650 0 7 |a rusistika  |2 snkbucl  |9 19634 
655 7 |a rozhovory  |2 snkbucl  |9 31831 
700 1 |a Kollárová, Eva,  |d 1939-2025  |4 aut  |9 243891 
773 0 |t Literárny (dvoj)týždenník  |g Roč. XXII, č. 39-40 (2009), s. 9  |x 0862-5999 
852 |a SNK  |b KIS3GCP 
958 |a SK 
999 |c 3251721  |d 3253651